Clips du top 50 de l'année 2008 - Statistiques

Statistiques générales
  • Ce quiz a été pris 209 fois
  • Le résultat moyen est 7 sur 12
Statistiques - réponses
Par images Réponse % Correct
Grégoire - Toi + moi
92%
Vanessa Paradis - Dès que j'te vois
88%
BB Brunes - Dis-moi
83%
Patrick Sébastien - Ah… si tu pouvais fermer ta gueule
79%
Sheryfa Luna - Il avait les mots
71%
Renan Luce - La lettre
68%
Zaho - C'est chelou
65%
Discobitch - C’est beau la bourgeoisie
48%
William Baldé - Rayon de soleil
36%
Louisy Joseph - Assis par terre
29%
Sofia Essaïdi - Femme d'aujourd'hui
29%
Pauline - Allô le monde
21%
Aucun quiz correspondant
Distribution des résultats
% des personnes avec chaque résultat
Percentile par nombre de réponses
Votre historique - résultats
Vous n’avez pas pris ce quiz